| 000 | 00375nam a2200133 4500 | ||
|---|---|---|---|
| 999 |
_c133746 _d133746 |
||
| 005 | 20240408095956.0 | ||
| 008 | 240408b ||||| |||| 00| 0 eng d | ||
| 040 | _cPK-LaUMT | ||
| 082 |
_a346.00264P _bCIV- |
||
| 245 |
_aCivil law cases [CLC, Vol.X:V, 2023] / _cedited by Muhammad Wahaj Azhar |
||
| 260 |
_aLahore : _bPLD Publishers, _c2023 |
||
| 300 | _a3 vols. | ||
| 942 | _cBK | ||